| 000 | 01169nam a2200313 i 4500 | ||
|---|---|---|---|
| 001 | ocn986788724 | ||
| 003 | EG-ScBUE | ||
| 005 | 20260405121933.0 | ||
| 008 | 170505s2018 enka f b 001 0 eng d | ||
| 020 | _a9781138304888 | ||
| 035 | _a(OCoLC)986788724 | ||
| 040 |
_aDLC _beng _erda _cDLC _dOCLCO _dOCLCF _dYDX _dOCLCQ _dYDX _dOCLCO _dLTSCA _dEG-ScBUE |
||
| 082 | 0 | 0 |
_a720.82 _222 _bARC |
| 245 | 0 | 0 |
_aArchitecture and feminisms : _becologies, economies, technologies / _cedited by Hélène Frichot, Catharina Gabrielsson and Helen Runting. |
| 264 | 1 |
_aAbingdon, Oxon ; _aNew York, NY : _bRoutledge, _c2018. |
|
| 300 |
_axix, 309 pages ; _c25 cm. |
||
| 336 |
_atext _btxt _2rdacontent |
||
| 337 |
_aunmediated _bn _2rdamedia |
||
| 338 |
_avolume _bnc _2rdacarrier |
||
| 490 | 0 |
_aAHRA Critiques : critical studies in architectural humanities ; _vvolume 13 |
|
| 504 | _aIncludes bibliographical references and index. | ||
| 650 | 7 |
_aFeminism and architecture. _2BUEsh |
|
| 653 |
_cApril2026 _bART |
||
| 655 | _vReading book | ||
| 700 | 1 |
_aFrichot, Hélène, _eeditor. |
|
| 700 | 1 |
_aGabrielsson, Catharina, _eeditor. |
|
| 700 | 1 |
_aRunting, Helen, _eeditor. |
|
| 942 |
_2ddc _cBB |
||
| 999 |
_c31163 _d31134 |
||